<The> Efficiency of Circular Economies: A Comparison of Visegrád Group Countries
Efektívnosť obehových ekonomík ako jedna z najdôležitejších oblastí zlepšenia ekonomického rastu cirkulárnym spôsobom (aj zlepšením svetového HDP). Efektívnosť obehových ekonomík v podmienkach Českej republiky, Poľska, Maďarska a Slovenska. Porovnanie účinnosti obehového hospodárstva v rámci Vyšehra...
Enregistré dans:
| Auteur principal: | |
|---|---|
| Autres auteurs: | , |
| Format: | Chapitre de livre |
| Langue: | anglais |
| Sujets: | |
| Tags: |
Pas de tags, Soyez le premier à ajouter un tag!
|
MARC
| LEADER | 00000naa a2200000 4500 | ||
|---|---|---|---|
| 001 | 0273132 | ||
| 005 | 20240502083832.2 | ||
| 041 | 0 | |a eng | |
| 044 | |a CH | ||
| 245 | 1 | 0 | |a <The> Efficiency of Circular Economies: A Comparison of Visegrád Group Countries |c Roman Lacko, Zuzana Hajduová, Marcin Zawada |
| 520 | |a Efektívnosť obehových ekonomík ako jedna z najdôležitejších oblastí zlepšenia ekonomického rastu cirkulárnym spôsobom (aj zlepšením svetového HDP). Efektívnosť obehových ekonomík v podmienkach Českej republiky, Poľska, Maďarska a Slovenska. Porovnanie účinnosti obehového hospodárstva v rámci Vyšehradskej skupiny a efektívnosť krajín V4 voči priemeru Európskej únie (EÚ 28). Vyhodnotenie výstupnej efektívnosti vybraných subjektov implementáciou DEA modelov založených na analýze obaľovania dát. Meranie vplyvu vybraných ukazovateľov pomocou skrátenej regresie. Vývoj recyklácie a využitia obehového hospodárstva. Vnímanie regionálnych rozdielov a nastavenie klastrových politík EÚ na regionálnej úrovni. Vzťah úrovne HDP a úrovne efektívnosti obehového hospodárstva. | ||
| 610 | 2 | 0 | |a hospodárstvo obehové |
| 610 | 2 | 0 | |a účinnosť ekonomická |
| 610 | 2 | 0 | |a efektívnosť ekonomická |
| 610 | 2 | 0 | |a rast hospodársky |
| 610 | 2 | 0 | |a ukazovatele efektívnosti |
| 610 | 2 | 0 | |a Vyšehradská štvorka |
| 610 | 2 | 0 | |a Európska únia |
| 610 | 2 | 0 | |a analýza obaľovania dát |
| 100 | 1 | |a Lacko, Roman, 1988- | |
| 700 | 1 | |a Hajduová, Zuzana, 1974- | |
| 700 | 1 | |a Zawada, Marcin | |